Quick Pick: Triple 'A' Words Quiz Stats

 Plays Quiz Updated Feb 10, 2019

Support Sporcle.
Go Orange.
Score 0/10 Timer 01:00
1 Play Today
% Correct
alpaca
93.6%
armada
92.7%
almanac
91.1%
adamant
88.6%
alfalfa
86.8%
ataxia
85.4%
acacia
79.1%
azalea
76.7%
anapaest
69.9%
avatar
65%

Today's Daily Dose

From the Vault

4-Letter 'S' Words with Double Letters

by teedslaststand

"Ssss" isn't a real word unless you're a snake.
Remove Ads.
Support Sporcle.
Get the best of Sporcle when you Go Orange. This ad-free experience offers more features, more stats, and more fun while also helping to support Sporcle. Thank you for becoming a member.

Show Comments

Extras

Top Quizzes Today


Score Distribution

Your Account Isn't Verified!

In order to create a playlist on Sporcle, you need to verify the email address you used during registration. Go to your Sporcle Settings to finish the process.

Report this User

Report this user for behavior that violates our Community Guidelines.

Details: